The computation of cost-of-living indexes / (Record no. 36963)

MARC details
000 -LEADER
fixed length control field 00944cam a22002171a 4500
001 - CONTROL NUMBER
control field l 58000045
003 - CONTROL NUMBER IDENTIFIER
control field DLC
005 - DATE AND TIME OF LATEST TRANSACTION
control field 20260227111545.0
008 - FIXED-LENGTH DATA ELEMENTS--GENERAL INFORMATION
fixed length control field 850410s1957 dcua f000 0 eng
010 ## - LIBRARY OF CONGRESS CONTROL NUMBER
LC control number l 58000045
035 ## - SYSTEM CONTROL NUMBER
System control number (OCoLC)11900760
040 ## - CATALOGING SOURCE
Original cataloging agency DLC
Transcribing agency IMolD
Modifying agency DLC
042 ## - AUTHENTICATION CODE
Authentication code premarc
050 00 - LIBRARY OF CONGRESS CALL NUMBER
Classification number HD6979
Item number .U6
110 1# - MAIN ENTRY--CORPORATE NAME
Corporate name or jurisdiction name as entry element United States.
Subordinate unit Bureau of Labor Statistics.
245 14 - TITLE STATEMENT
Title The computation of cost-of-living indexes /
Statement of responsibility, etc. [prepared for] International Cooperation Administration, Office of Labor Affairs [by] Thomas F. Mosimann, chief, Branch of International Technical Cooperation and Marion Hamilton Gillim, associate professor of economics, Barnard College, consultant.
260 ## - PUBLICATION, DISTRIBUTION, ETC.
Place of publication, distribution, etc. Washington :
Name of publisher, distributor, etc. U.S. Govt. Print. Off.,
Date of publication, distribution, etc. 1957.
300 ## - PHYSICAL DESCRIPTION
Extent iv, 45 p. :
Other physical details ill. ;
Dimensions 27 cm.
650 #0 - SUBJECT ADDED ENTRY--TOPICAL TERM
Topical term or geographic name entry element Cost and standard of living.
710 1# - ADDED ENTRY--CORPORATE NAME
Corporate name or jurisdiction name as entry element United States.
Subordinate unit International Cooperation Administration.
-- Office of Labor Affairs.

No items available.

Powered by Koha